Rainbow Coloring Book - Statistics

General Stats
  • This quiz has been taken 441 times
  • The average score is 5 of 6
Answers on the Map
Answers color-coded by a green-red scale on the quiz's map according to % correct below.
 
Answer Stats
Answer % Correct
Orange
90%
Purple
90%
Yellow
90%
Red
89%
Blue
87%
Green
86%
No matching quizzes found
Score Distribution
Percent of People with Each Score
Percentile by Number Answered
Your Score History
You have not taken this quiz